Statistics for Religion Trivia

Click here to take the quiz!

General Stats

  • This quiz has been taken 93 times
  • The average score is 13 of 19

Answer Stats

Answer% Correct
What is Jesus' Birthday globally called?Christmas
95%
Christian's Holy BookBible
93%
Hindus' most sacred animal.Cow
93%
In some religions, there is hell and?Heaven
90%
Yin and?Yang
89%
What are Muslims' religion called?Islam
88%
Taoism's country of origin.China
87%
Which country did Sikhism originate from?India/Pakistan
85%
People who have no religion are generally called? (begins with 'at')atheist
80%
Muslims' Holy BookQuran
80%
What is the highest state that someone can attain in Buddhism?nirvana
73%
Zeus' WifeHera
72%
What is called the oldest religion in the world?Hinduism
50%
Greek God/Goddess of WineDionysus
44%
Where was Prophet Muhammad born?Saudi Arabia
43%
King Ashoka's religion was?Buddhism
41%
Who was the founder of Sikhism?Guru Nanak
30%
How many books are there in the Old Testament?39
26%
Sikhs' Holy BookGuru Granth Sahib
16%

Score Distribution

Percentile by Number Answered

Percent of People with Each Score

Your Score History

You have not taken this quiz